Power Semiconductor Circuits / (Record no. 182404)
[ view plain ]
| 000 -LEADER | |
|---|---|
| fixed length control field | 00926 a2200241 4500 |
| 003 - CONTROL NUMBER IDENTIFIER | |
| control field | Nust |
| 005 - DATE AND TIME OF LATEST TRANSACTION | |
| control field | 20221206122051.0 |
| 010 ## - LIBRARY OF CONGRESS CONTROL NUMBER | |
| LC control number | 75008911 |
| 020 ## - INTERNATIONAL STANDARD BOOK NUMBER | |
| International Standard Book Number | 047121180X |
| 040 ## - CATALOGING SOURCE | |
| Transcribing agency | Nust |
| 082 00 - DEWEY DECIMAL CLASSIFICATION NUMBER | |
| Classification number | 621.381532,DEW |
| 100 1# - MAIN ENTRY--PERSONAL NAME | |
| Personal name | Dewan, S. B. |
| 9 (RLIN) | 101609 |
| 245 10 - TITLE STATEMENT | |
| Title | Power Semiconductor Circuits / |
| Statement of responsibility, etc. | S. B. Dewan, A. Straughen. |
| 260 ## - PUBLICATION, DISTRIBUTION, ETC. | |
| Place of publication, distribution, etc. | New York : |
| Name of publisher, distributor, etc. | Wiley, |
| Date of publication, distribution, etc. | [1975] |
| 300 ## - PHYSICAL DESCRIPTION | |
| Extent | xv, 523 p. : |
| Other physical details | ill. ; |
| Dimensions | 23 cm. |
| 505 ## - FORMATTED CONTENTS NOTE | |
| Formatted contents note | Introduction (Page-1), Circuits with Switching and Diodes (Page-10), Power Semiconductor Switching (Page-77), Ac Voltage Controllers (Page-155),Controlled Rectifiers (Page-214), Dc-To-Dc Converters (Page-282), Inverters (Page-357), Ac-To-Ac Converters (Page-462). |
| 650 #0 - SUBJECT ADDED ENTRY--TOPICAL TERM | |
| Topical term or geographic name entry element | Diodes, Semiconductor. |
| 9 (RLIN) | 104224 |
| 650 #0 - SUBJECT ADDED ENTRY--TOPICAL TERM | |
| Topical term or geographic name entry element | Electric switchgear. |
| 9 (RLIN) | 41056 |
| 650 #0 - SUBJECT ADDED ENTRY--TOPICAL TERM | |
| Topical term or geographic name entry element | Telecommunication Engineering |
| 650 #0 - SUBJECT ADDED ENTRY--TOPICAL TERM | |
| Topical term or geographic name entry element | Thyristors. |
| 9 (RLIN) | 104046 |
| 700 1# - ADDED ENTRY--PERSONAL NAME | |
| Personal name | Straughen, A., |
| 9 (RLIN) | 101610 |
| 942 ## - ADDED ENTRY ELEMENTS (KOHA) | |
| Source of classification or shelving scheme | |
| Koha item type | Book |
| Withdrawn status | Lost status | Source of classification or shelving scheme | Damaged status | Not for loan | Permanent Location | Current Location | Shelving location | Date acquired | Full call number | Barcode | Date last seen | Price effective from | Koha item type | Public note |
|---|---|---|---|---|---|---|---|---|---|---|---|---|---|---|
| Military College of Signals (MCS) | Military College of Signals (MCS) | General Stacks | 12/12/2016 | 621.381532,DEW | MCS5080 | 12/08/2016 | 12/12/2016 | Book | Almirah No.34, Shelf No.3 |
